000 00375nam a2200133Ia 4500
008 220217s9999||||xx |||||||||||||| ||und||
020 _a9812-53-040-1
082 _a005.13 HOR
100 _aHorstmann, Cay, S
_93421
245 0 _aObject oriented design and patterns
260 _aJohn wiley and sons
_bNew York
_c2006
300 _b327
650 _aPROGRAMMING LANGUAGE
999 _c176808
_d176808